| 000 | 00333nam a22001337a 4500 | ||
|---|---|---|---|
| 005 | 20260225161143.0 | ||
| 020 | _a978-93-6224-100-9 | ||
| 082 | _a639.3ALT/P | ||
| 245 |
_aPost-Harvest Fisheries/ _ced by Onur Altinege |
||
| 260 |
_a.-Newdelhi _b:DPH _c,2025 |
||
| 300 | _a280p | ||
| 700 |
_aAltinege,Onur ed _910982 |
||
| 942 |
_2ddc _cBK |
||
| 999 |
_c757055 _d757055 |
||